000 00557 a2200193 4500
999 _c32056
_d32056
003 OSt
005 20260114170215.0
008 260114b ||||| |||| 00| 0 eng d
020 _a978-93-5573-943-8
040 _c.
082 _a658.3
_bS476
100 _96475
_aSengupta, Amitabha
245 _aHuman Resource Management :Concepts, Practises and New Paradigms /
_cby Amitabha Sengupta
250 _a2nd ed.
260 _bCengage Learning India pvt ltd,
_aDelhi :
_c2024.
300 _a21.22 p.
650 0 _998
_aPersonnel Management
942 _2ddc
_cBK